000 00329nam a2200145Ia 4500
008 230718s9999 xx 000 0 und d
041 _aEng.
082 _a340
_bSAE-P
100 _aSaeed, Malik M (ed)
245 0 _aP. LD (1980)
260 _aPakistan
_bsel Pakistan led
_c1880
300 _a157
650 _aLaw
999 _c27001
_d27001